Catálogo

LA NUEVA EUROPA : (Registro nro. 45516)

Detalles MARC
000 -LEADER
fixed length control field 01087nam a2200193 a 4500
001 - CONTROL NUMBER
control field 45516
005 - DATE AND TIME OF LATEST TRANSACTION
control field 20180714024737.0
008 - FIXED-LENGTH DATA ELEMENTS--GENERAL INFORMATION
fixed length control field 140415s2001 mx 000 0 spa d
020 ## - INTERNATIONAL STANDARD BOOK NUMBER
International Standard Book Number 9706252932
041 ## - LANGUAGE CODE
Language code of text/sound track or separate title spa
082 ## - DEWEY DECIMAL CLASSIFICATION NUMBER
Classification number 382.094008
Item number HAR
100 1# - MAIN ENTRY--PERSONAL NAME
Personal name HARMS, PABLO L.
245 13 - TITLE STATEMENT
Title LA NUEVA EUROPA :
Remainder of title GUIA PARA EXPORTADORES
250 ## - EDITION STATEMENT
Edition statement 1a ed.
260 ## - PUBLICATION, DISTRIBUTION, ETC.
Place of publication, distribution, etc. MEXICO :
Name of publisher, distributor, etc. GRUPO EDITORIAL IBEROAMERICA,
Date of publication, distribution, etc. 2001
300 ## - PHYSICAL DESCRIPTION
Extent 225
Dimensions 19 x 2 x 23
520 ## - SUMMARY, ETC.
Summary, etc. LA NUEVA EUROPA : ESTE LIBRO ES UNA GUÍA DE ACTUALIZACIÓN PARA LOS EXPORTADORES POTENCIALES DE MÉXICO, CENTRO Y SUDAMÉRICA, EN ESPECIAL A LOS CIENTOS DE MILES DE PEQUEÑOS Y MEDIOS EMPRESARIOS, QUE ESTÁN INTERESADOS EN EL GRAN MERCADO DE LOS 450 MILLONES DE CONSUMIDORES POTENCIALES EUROPEOS CON LOS QUE CUENTA EL MERCADO ÚNICO EUROPEO ( MUE ); PROVEE DE LA INFORMACIÓN NECESARIA PARA LA PREPARACIÓN DE UN PLAN EFICAZ Y UN COMIENZO DE ACTIVIDADES DE EXPORTACIÓN EXITOSA. ESTA OBRA DA A CONO
650 14 - SUBJECT ADDED ENTRY--TOPICAL TERM
Topical term or geographic name entry element COMUNIDAD ECONOMICA EUROPEA (CEE)
General subdivision EUROPA CONDICIONES ECONOMICAS
-- COMERCIO EXTERIOR
-- EUROPA
Existencias
Withdrawn status Lost status Source of classification or shelving scheme Damaged status Not for loan Collection code Home library Current library Shelving location Date acquired Source of acquisition Inventory number Total Checkouts Full call number Barcode Date last seen Date last checked out Price effective from Koha item type
    Dewey Decimal Classification     General Biblioteca Karol Wojtyla Biblioteca Karol Wojtyla Sala general 03/12/2013 Compra 151000000000000000044740   382.094008 HAR 68390 05/01/2026 15/02/2016 03/12/2013 Libro